[Event "FIDE World Cup 2013"]
[Site "Tromso NOR"]
[Date "2013.08.12"]
[Round "2.2"]
[White "Caruana, Fabiano"]
[Black "G., Akash"]
[Result "1/2-1/2"]
[WhiteTitle "GM"]
[BlackTitle "IM"]
[WhiteElo "2796"]
[BlackElo "2340"]
[WhiteFideId "2020009"]
[BlackFideId "5040299"]
[EventDate "2013.08.11"]

1. e4 c5 2. Nf3 Nc6 3. d4 cxd4 4. Nxd4 e5 5. Nb5 d6 6. N1c3 a6 7. Na3 Be7 8. Nc4
Nf6 9. Be3 b5 10. Nb6 Rb8 11. Nxc8 Qxc8 12. Be2 O-O 13. O-O b4 14. Nd5 Nxe4 15.
a3 Bd8 16. axb4 Nxb4 17. c3 Nxd5 18. Qxd5 Rxb2 19. Bxa6 Nxc3 20. Qxd6 Qe6 21.
Qxe6 fxe6 22. Bc8 Ne2+ 23. Kh1 Nd4 24. Ra8 Rb6 25. Rc1 Bf6 26. g3 Rd6 27. Ra6
Rxa6 28. Bxa6 Re8 29. Rc7 Re7 30. Rc8+ Kf7 31. Bd3 g6 32. g4 Rd7 33. Kg2 Kg7 34.
Bc4 g5 35. Bd3 Rf7 36. Ra8 Rd7 37. Ra6 h6 38. Bc4 Rc7 39. Bxe6 Nxe6 40. Rxe6 Rc4
41. h3 Ra4 42. Rc6 Kf7 43. Kf3 Rb4 44. Ra6 Rc4 45. Ke2 Rb4 46. Kd3 e4+ 47. Ke2
Kg7 48. Re6 Kf7 49. Rd6 Kg7 50. Rd5 Rb1 51. Bd2 Rb3 52. Be3 Rb1 53. Bd4 Bxd4 54.
Rxd4 Rh1 55. Ke3 Re1+ 56. Kd2 Rh1 57. Ke3 1/2-1/2

[Event "FIDE World Cup 2013"]
[Site "Tromso NOR"]
[Date "2013.08.12"]
[Round "2.5"]
[White "Ali, Sebbar"]
[Black "Karjakin, Sergey"]
[Result "1/2-1/2"]
[WhiteTitle "IM"]
[BlackTitle "GM"]
[WhiteElo "2371"]
[BlackElo "2772"]
[WhiteFideId "8100977"]
[BlackFideId "14109603"]
[EventDate "2013.08.11"]

1. e4 e5 2. Nf3 Nc6 3. d4 exd4 4. Nxd4 Nf6 5. Nc3 Bb4 6. Nxc6 bxc6 7. Bd3 O-O 8.
O-O d5 9. exd5 cxd5 10. Bg5 c6 11. Qf3 Bd6 12. Rae1 Rb8 13. Nd1 h6 14. Bxf6 Qxf6
15. Qxf6 gxf6 16. b3 Bd7 17. Ne3 Rfe8 18. Nf5 Bf8 19. g4 a5 20. Rxe8 Rxe8 21. a4
h5 22. h3 Bc5 23. Kg2 hxg4 24. hxg4 Bxf5 25. gxf5 Rb8 26. Kf3 Kf8 27. Rh1 Ke7
28. Rh4 Kd6 29. Rh7 Rf8 30. Ba6 Bd4 31. Bd3 Kc5 32. Rh4 Bc3 33. Be2 Rc8 34. Rh7
Rc7 35. Rh8 Kb4 36. Rd8 Bd4 37. Bd3 Kc3 38. Ke2 Bb6 39. Rd6 Bc5 40. Rd8 Be7 41.
Ra8 Bb4 42. Rd8 Kd4 43. Kf3 Be7 44. Ra8 Bb4 45. Rd8 Be7 1/2-1/2

[Event "FIDE World Cup 2013"]
[Site "Tromso NOR"]
[Date "2013.08.12"]
[Round "2.10"]
[White "Dominguez Perez, Leinier"]
[Black "El Gindy, Essam"]
[Result "1-0"]
[WhiteTitle "GM"]
[BlackTitle "GM"]
[WhiteElo "2757"]
[BlackElo "2487"]
[WhiteFideId "3503240"]
[BlackFideId "10600140"]
[EventDate "2013.08.11"]

1. e4 c5 2. Nf3 Nc6 3. d4 cxd4 4. Nxd4 e5 5. Nb5 d6 6. N1c3 a6 7. Na3 b5 8. Nd5
Nge7 9. c4 Nd4 10. Bd3 Nxd5 11. cxd5 Be7 12. O-O O-O 13. Be3 Bd7 14. Qd2 Qb8 15.
f4 Bd8 16. Bxd4 exd4 17. Nc2 Bf6 18. Rae1 Re8 19. Qf2 Kh8 20. Kh1 Qb6 21. Re2
Re7 22. e5 dxe5 23. fxe5 Rxe5 24. Rxe5 Bxe5 25. Qxf7 Qd6 26. Qh5 h6 27. Ne1 Bf4
28. Nf3 Rc8 29. Nh4 Kg8 30. Nf5 Bxf5 31. Qxf5 Rf8 32. Qh7+ Kf7 1-0

[Event "FIDE World Cup 2013"]
[Site "Tromso NOR"]
[Date "2013.08.12"]
[Round "2.11"]
[White "Hansen, Torbjorn Ringdal"]
[Black "Ponomariov, Ruslan"]
[Result "1/2-1/2"]
[WhiteTitle "IM"]
[BlackTitle "GM"]
[WhiteElo "2492"]
[BlackElo "2756"]
[WhiteFideId "1501720"]
[BlackFideId "14103320"]
[EventDate "2013.08.11"]

1. e4 e5 2. Nf3 Nc6 3. Bb5 Nf6 4. O-O Nxe4 5. d4 Nd6 6. Bg5 Be7 7. Bxe7 Nxe7 8.
dxe5 Nxb5 9. a4 b6 10. axb5 Bb7 11. Nc3 Ng6 12. Ra4 O-O 13. Rd4 Bxf3 14. Qxf3
Nxe5 15. Qb7 c6 16. f4 Rb8 17. Qxa7 Ra8 18. Qb7 Rb8 19. Qa7 Ra8 20. Qb7 1/2-1/2

[Event "FIDE World Cup 2013"]
[Site "Tromso NOR"]
[Date "2013.08.12"]
[Round "2.12"]
[White "Wang, Hao"]
[Black "Liu, Qingnan"]
[Result "1-0"]
[WhiteTitle "GM"]
[BlackTitle "IM"]
[WhiteElo "2747"]
[BlackElo "2500"]
[WhiteFideId "8602883"]
[BlackFideId "8603294"]
[EventDate "2013.08.11"]

1. d4 Nf6 2. c4 e6 3. Nc3 d5 4. cxd5 exd5 5. Bg5 Be7 6. e3 O-O 7. Bd3 c6 8. Nge2
Nbd7 9. Qc2 Re8 10. O-O h6 11. Bf4 Nf8 12. f3 c5 13. Rad1 c4 14. Bf5 Be6 15.
Bxe6 Nxe6 16. Be5 Qd7 17. a4 Nc7 18. b3 Na6 19. bxc4 dxc4 20. Bxf6 Bxf6 21. Ne4
Bg5 22. Qxc4 Bxe3+ 23. Kh1 Rac8 24. Qb3 Bg5 25. N2c3 Be7 26. d5 Nc5 27. Nxc5
Bxc5 28. Ne4 Bf8 29. d6 b6 30. Rd5 Red8 31. Rfd1 Qe6 32. Qd3 Rd7 33. g4 g6 34.
f4 Bg7 35. f5 Qe8 36. Re1 Qd8 37. g5 h5 38. Qh3 Kh8 39. fxg6 fxg6 40. Nf6 Bxf6
41. gxf6 Rc5 42. Rxc5 bxc5 43. Qe6 Rxd6 44. Qe8+ Kh7 45. f7 Rd1 46. Qg8+ 1-0

[Event "FIDE World Cup 2013"]
[Site "Tromso NOR"]
[Date "2013.08.12"]
[Round "2.14"]
[White "Adams, Michael"]
[Black "Wan, Yunguo"]
[Result "1/2-1/2"]
[WhiteTitle "GM"]
[BlackTitle "IM"]
[WhiteElo "2740"]
[BlackElo "2512"]
[WhiteFideId "400041"]
[BlackFideId "8603189"]
[EventDate "2013.08.11"]

1. e4 e6 2. d4 d5 3. Nd2 c5 4. Ngf3 cxd4 5. Nxd4 Nf6 6. exd5 Qxd5 7. Nb5 Na6 8.
Nc3 Qd8 9. a3 Be7 10. Qf3 Nc7 11. Nc4 Ncd5 12. Be2 O-O 13. O-O b6 14. Nxd5 Nxd5
15. Bd3 Bb7 16. Qh3 g6 17. Bh6 Re8 18. Rad1 Qc7 19. Qg3 Qxg3 20. hxg3 Red8 21.
Rfe1 Bf6 22. c3 Ba6 23. Bf1 Ne7 24. Ne3 Bxf1 25. Kxf1 Nc6 26. Ke2 Be7 27. Bf4 e5
28. Bh6 f6 29. Nd5 Kf7 30. Be3 h5 31. b4 Rac8 32. c4 Bf8 33. f3 Ke6 34. Nc3 Rxd1
35. Rxd1 a5 36. Nd5 axb4 37. Nxb6 Rc7 38. Nd5 Rd7 39. axb4 1/2-1/2

[Event "FIDE World Cup 2013"]
[Site "Tromso NOR"]
[Date "2013.08.12"]
[Round "2.17"]
[White "Holt, Conrad"]
[Black "Vitiugov, Nikita"]
[Result "0-1"]
[WhiteTitle "GM"]
[BlackTitle "GM"]
[WhiteElo "2539"]
[BlackElo "2719"]
[WhiteFideId "2034387"]
[BlackFideId "4152956"]
[EventDate "2013.08.11"]

1. d4 Nf6 2. c4 e6 3. Nf3 d5 4. Nc3 c5 5. cxd5 cxd4 6. Qxd4 exd5 7. e4 dxe4 8.
Qxd8+ Kxd8 9. Ng5 Be6 10. Nxe6+ fxe6 11. Bg5 Ke8 12. O-O-O Nc6 13. Bc4 Ne5 14.
Bxe6 Nd3+ 15. Kc2 Nxf2 16. Bxf6 Nxd1 17. Rxd1 gxf6 18. Rd7 Rd8 19. Rxb7 Rd6 20.
Bc4 Rd4 21. Bb5+ Kd8 22. Rxa7 Rg8 23. g3 Rg5 24. Ra8+ Ke7 25. a4 Kf7 26. a5 e3
27. a6 Rd2+ 28. Kc1 Rxb5 29. Nxb5 Bh6 30. Nc3 e2 31. Nxe2 Rd8+ 0-1

[Event "FIDE World Cup 2013"]
[Site "Tromso NOR"]
[Date "2013.08.12"]
[Round "2.18"]
[White "Giri, Anish"]
[Black "Salem, A.R. Saleh"]
[Result "1/2-1/2"]
[WhiteTitle "GM"]
[BlackTitle "GM"]
[WhiteElo "2737"]
[BlackElo "2556"]
[WhiteFideId "24116068"]
[BlackFideId "9301348"]
[EventDate "2013.08.11"]

1. d4 Nf6 2. Nf3 g6 3. c4 Bg7 4. g3 d5 5. Bg2 dxc4 6. Na3 c3 7. bxc3 O-O 8. O-O
c5 9. Re1 Qa5 10. Bb2 Rd8 11. e4 cxd4 12. cxd4 Nc6 13. Qb3 Be6 14. d5 Nxd5 15.
Nc4 Ndb4 16. Nxa5 Bxb3 17. Nxc6 bxc6 18. Bxg7 Kxg7 19. axb3 Nc2 20. Bf1 a5 21.
Bc4 Nxe1 22. Rxe1 1/2-1/2

[Event "FIDE World Cup 2013"]
[Site "Tromso NOR"]
[Date "2013.08.12"]
[Round "2.19"]
[White "Duda, Jan-Krzysztof"]
[Black "Ivanchuk, Vassily"]
[Result "0-1"]
[WhiteTitle "IM"]
[BlackTitle "GM"]
[WhiteElo "2534"]
[BlackElo "2731"]
[WhiteFideId "1170546"]
[BlackFideId "14100010"]
[EventDate "2013.08.11"]

1. e4 e6 2. d4 d5 3. Nc3 Nf6 4. Bg5 dxe4 5. Nxe4 Nbd7 6. Nf3 h6 7. Nxf6+ Nxf6 8.
Be3 Bd6 9. Bd3 b6 10. Qe2 Bb7 11. O-O-O Nd5 12. Kb1 Qf6 13. Nd2 O-O 14. Ne4 Qe7
15. c3 Bf4 16. g3 Bxe3 17. fxe3 e5 18. Rhe1 Rad8 19. Nd2 Nf6 20. Ba6 Ba8 21. Qc4
Rfe8 22. Bb5 c6 23. Bxc6 Rc8 24. d5 Nxd5 25. Qxd5 Rxc6 26. Qb5 Rd8 27. Ne4 Rcc8
28. Qa4 Qe6 29. Qc2 Qg4 30. Nf2 Qh5 31. h4 Qf3 32. g4 Rxd1+ 33. Rxd1 Qxe3 34.
Qf5 Rf8 35. Rd7 Bf3 36. Nd3 Qg1+ 37. Nc1 Bxg4 0-1

[Event "FIDE World Cup 2013"]
[Site "Tromso NOR"]
[Date "2013.08.12"]
[Round "2.22"]
[White "Korobov, Anton"]
[Black "Durarbayli, Vasif"]
[Result "1/2-1/2"]
[WhiteTitle "GM"]
[BlackTitle "GM"]
[WhiteElo "2720"]
[BlackElo "2567"]
[WhiteFideId "14105730"]
[BlackFideId "13402935"]
[EventDate "2013.08.11"]

1. d4 Nf6 2. c4 e6 3. Nf3 b6 4. g3 Bb7 5. Bg2 Be7 6. O-O O-O 7. d5 exd5 8. Nh4
c6 9. cxd5 Nxd5 10. Nf5 Nc7 11. e4 d5 12. Re1 Bf6 13. e5 Be7 14. Qg4 g6 15. Nh6+
Kg7 16. Nf5+ Kg8 17. Nh6+ Kg7 18. Nf5+ 1/2-1/2

[Event "FIDE World Cup 2013"]
[Site "Tromso NOR"]
[Date "2013.08.12"]
[Round "2.26"]
[White "Bacrot, Etienne"]
[Black "Agdestein, Simen"]
[Result "1-0"]
[WhiteTitle "GM"]
[BlackTitle "GM"]
[WhiteElo "2714"]
[BlackElo "2567"]
[WhiteFideId "605506"]
[BlackFideId "1500015"]
[EventDate "2013.08.11"]

1. Nf3 d5 2. d4 c6 3. c4 e6 4. e3 Bd6 5. b3 Nd7 6. Be2 dxc4 7. bxc4 Ngf6 8. Bb2
Qe7 9. Nbd2 e5 10. c5 Bc7 11. Nc4 e4 12. Nfe5 O-O 13. Qc2 Nd5 14. Qxe4 f6 15.
Bd3 f5 16. Qf3 Nxe5 17. Nxe5 Bxe5 18. dxe5 Qxc5 19. O-O Be6 20. Rfc1 Qa5 21. Bd4
Rf7 22. Qe2 Qc7 23. f4 b6 24. Bb2 Rd8 25. Rf1 Nb4 26. Bc4 Bxc4 27. Qxc4 Nd5 28.
Qe2 Qe7 29. Rad1 Qe6 30. e4 fxe4 31. Qxe4 g6 32. Rd2 Rdd7 33. g3 Nc7 34. Rg2
Qxa2 35. Qxc6 Ne6 36. Rgf2 Rc7 37. Qa8+ Rf8 38. Qf3 Nc5 39. e6 Nxe6 40. Ba3 Qc4
41. Bxf8 Nxf8 42. f5 Rf7 43. Qa8 Qc5 44. fxg6 hxg6 45. Kg2 Rxf2+ 46. Rxf2 Qe7
47. h3 Kg7 48. Ra2 a5 49. Qc6 Qe3 50. Rb2 Ne6 51. Qxb6 Nc5 52. Qa7+ Kh6 53. Qa8
Qe5 54. Qf8+ Kh5 55. Qf3+ Kh6 56. Re2 1-0

[Event "FIDE World Cup 2013"]
[Site "Tromso NOR"]
[Date "2013.08.12"]
[Round "2.27"]
[White "Adhiban, Baskaran"]
[Black "Alekseev, Evgeny"]
[Result "1/2-1/2"]
[WhiteTitle "GM"]
[BlackTitle "GM"]
[WhiteElo "2567"]
[BlackElo "2710"]
[WhiteFideId "5018471"]
[BlackFideId "4138147"]
[EventDate "2013.08.11"]

1. d4 Nf6 2. c4 e6 3. g3 Bb4+ 4. Bd2 Bxd2+ 5. Qxd2 d5 6. Bg2 O-O 7. Nf3 c6 8.
O-O Nbd7 9. Ne5 Qb6 10. e3 Rd8 11. Qc3 Nf8 12. c5 Qc7 13. Nd2 N6d7 14. Nd3 Ng6
15. f4 Ne7 16. Rfe1 b6 17. b4 Ba6 18. Ne5 bxc5 19. bxc5 Nxe5 20. dxe5 Rab8 21.
Rab1 Rxb1 22. Rxb1 Rb8 23. Rb3 h6 24. Kf2 Nf5 25. Bh3 Ne7 26. Bg4 Kf8 27. Bd1
Ke8 28. Bc2 Kd7 29. Ra3 Bb5 30. Ra5 Ke8 31. Qa3 Rb7 32. Nb3 Bc4 33. Nd4 Kf8 34.
g4 Qb8 35. Bb3 Bd3 36. Qc1 Qd8 37. Ra3 Ng6 38. Qg1 Qe7 39. Ra5 Qd8 40. Ra3 Qe7
41. Ra5 Qd8 1/2-1/2

[Event "FIDE World Cup 2013"]
[Site "Tromso NOR"]
[Date "2013.08.12"]
[Round "2.28"]
[White "Jakovenko, Dmitry"]
[Black "Paragua, Mark"]
[Result "1-0"]
[WhiteTitle "GM"]
[BlackTitle "GM"]
[WhiteElo "2724"]
[BlackElo "2565"]
[WhiteFideId "4122356"]
[BlackFideId "5201241"]
[EventDate "2013.08.11"]

1. d4 Nf6 2. c4 g6 3. Nc3 Bg7 4. e4 d6 5. Nf3 O-O 6. Be2 e5 7. dxe5 dxe5 8. Qxd8
Rxd8 9. Bg5 Nbd7 10. O-O-O Rf8 11. Nd5 c6 12. Ne7+ Kh8 13. Be3 Re8 14. Nxc8
Raxc8 15. g4 Nf8 16. Nd2 Ne6 17. g5 Nd7 18. Bg4 Bf8 19. Nb3 Nb6 20. Bxe6 Rxe6
21. Nc5 Re7 22. b3 h6 23. h4 f5 24. gxf6 Rf7 25. Nd3 Nd7 26. f4 exf4 27. Bd4 Re8
28. e5 h5 29. Rhe1 Re6 30. Nxf4 Bh6 31. Be3 Bxf4 32. Bxf4 Kg8 33. Kc2 Kf8 34.
Re3 Ke8 35. Red3 1-0

[Event "FIDE World Cup 2013"]
[Site "Tromso NOR"]
[Date "2013.08.12"]
[Round "2.29"]
[White "Barbosa, Oliver"]
[Black "Le, Quang Liem"]
[Result "0-1"]
[WhiteTitle "GM"]
[BlackTitle "GM"]
[WhiteElo "2571"]
[BlackElo "2702"]
[WhiteFideId "5201640"]
[BlackFideId "12401137"]
[EventDate "2013.08.11"]

1. d4 d5 2. Nf3 Nf6 3. c4 c6 4. e3 e6 5. Bd3 dxc4 6. Bxc4 Nbd7 7. Nc3 b5 8. Bd3
Bd6 9. Qc2 Bb7 10. O-O O-O 11. e4 e5 12. Rd1 Qc7 13. h3 Rfe8 14. Be3 a6 15. a4
Rac8 16. Rac1 exd4 17. Nxd4 g6 18. Nb3 Qb8 19. Qe2 Rcd8 20. Qf1 Bh2+ 21. Kh1 Bf4
22. Qe1 Bd6 23. f3 Nh5 24. Ne2 Ne5 25. Qc3 Bc8 26. Bc5 Bxh3 27. gxh3 Bxc5 28.
Nxc5 Nxf3 29. e5 Rxe5 30. Be4 Rxd1+ 31. Rxd1 Rxe4 32. Qxf3 Rxe2 0-1

[Event "FIDE World Cup 2013"]
[Site "Tromso NOR"]
[Date "2013.08.12"]
[Round "2.30"]
[White "Areshchenko, Alexander"]
[Black "Kaidanov, Gregory S"]
[Result "1/2-1/2"]
[WhiteTitle "GM"]
[BlackTitle "GM"]
[WhiteElo "2709"]
[BlackElo "2574"]
[WhiteFideId "14109530"]
[BlackFideId "2008564"]
[EventDate "2013.08.11"]

1. e4 e6 2. d4 d5 3. exd5 exd5 4. Nf3 Nf6 5. Bd3 Bg4 6. O-O Be7 7. c3 O-O 8. Re1
c5 9. dxc5 Bxc5 10. Be3 Bxe3 11. Rxe3 Nc6 12. Nbd2 d4 13. cxd4 Nxd4 14. Qa4 Nf5
15. Bxf5 Bxf5 16. Nf1 Qd7 17. Qa3 Be4 18. Rae1 Rfe8 19. Ng3 Bxf3 20. Rxe8+ Rxe8
21. Rxe8+ Qxe8 22. Qxf3 Qe1+ 23. Nf1 Qb4 24. Qe2 h5 25. h3 Qe4 26. Qxe4 Nxe4 27.
Ne3 Kf8 28. Kf1 Ke7 29. Ke2 Ke6 30. f3 Nd6 31. f4 Nf5 32. g4 hxg4 33. hxg4 Nxe3
34. Kxe3 Kd5 35. Kd3 f6 36. f5 b6 37. b3 b5 38. b4 a6 39. a3 Ke5 40. Ke3 Kd5 41.
Kd3 Ke5 42. Ke3 Kd5 1/2-1/2

[Event "FIDE World Cup 2013"]
[Site "Tromso NOR"]
[Date "2013.08.12"]
[Round "2.32"]
[White "Tomashevsky, Evgeny"]
[Black "Ramirez, Alejandro"]
[Result "1/2-1/2"]
[WhiteTitle "GM"]
[BlackTitle "GM"]
[WhiteElo "2706"]
[BlackElo "2588"]
[WhiteFideId "4147235"]
[BlackFideId "6500617"]
[EventDate "2013.08.11"]

1. d4 d5 2. c4 c6 3. Nf3 Nf6 4. Nc3 a6 5. c5 g6 6. h3 Bg7 7. Bf4 O-O 8. e3 Bf5
9. Be2 Nbd7 10. Qb3 Qc8 11. O-O Ne4 12. Rad1 Re8 13. Na4 e5 14. Nxe5 Nexc5 15.
dxc5 Bxe5 16. Bxe5 Rxe5 17. g4 Be6 18. Rd4 Qc7 19. f4 Re4 20. Rxe4 dxe4 21. Qc3
Rd8 22. b3 Nf8 23. Kg2 Qe7 24. Nb6 f5 25. g5 Bf7 26. h4 Ne6 27. b4 Nc7 28. a4
Nd5 29. Nxd5 Rxd5 30. Rd1 Qd8 31. Rxd5 Qxd5 32. Kf2 Qa2 33. a5 Bd5 34. Ke1 Qb3
35. Qd4 Qb1+ 36. Kd2 Qa2+ 37. Ke1 Qb1+ 38. Kf2 Qh1 39. Qe5 Qxh4+ 40. Kg2 Qe1 41.
Qb8+ Kg7 42. Qe5+ 1/2-1/2

[Event "FIDE World Cup 2013"]
[Site "Tromso NOR"]
[Date "2013.08.12"]
[Round "2.33"]
[White "Ipatov, Alexander"]
[Black "So, Wesley"]
[Result "1/2-1/2"]
[WhiteTitle "GM"]
[BlackTitle "GM"]
[WhiteElo "2584"]
[BlackElo "2710"]
[WhiteFideId "14116731"]
[BlackFideId "5202213"]
[EventDate "2013.08.11"]

1. d4 Nf6 2. c4 g6 3. Nc3 d5 4. cxd5 Nxd5 5. Bd2 Nb6 6. e3 Bg7 7. f4 O-O 8. Nf3
c5 9. dxc5 N6d7 10. b4 a5 11. a3 axb4 12. axb4 Rxa1 13. Qxa1 e5 14. Ne4 b6 15.
Bc4 bxc5 16. Nfg5 exf4 17. Bc3 Bxc3+ 18. Qxc3 Qe7 19. Nxf7 Rxf7 20. O-O Ba6 21.
b5 Bxb5 22. Bxf7+ Qxf7 23. Nd6 Qe6 24. Nxb5 Qxe3+ 25. Qxe3 fxe3 26. Re1 Ne5 27.
Rxe3 Nbd7 28. Ra3 Kg7 29. Ra6 Kh6 30. Kf2 Kg5 31. h3 Kf4 32. Rd6 h5 33. g3+ Kf5
34. Ke2 Nf6 35. Nc3 Nh7 36. Nd5 Ng5 37. Ne7+ Ke4 38. Nxg6 Nxg6 39. Rxg6 Nxh3 40.
Rf6 Ng1+ 41. Kf2 Nh3+ 42. Kg2 Ng5 43. Rh6 Ke3 44. Rxh5 Ne4 45. Rh8 c4 46. Rc8 c3
47. g4 Kd2 48. Kf3 Ng5+ 49. Kf4 Nh3+ 50. Kg3 Ng5 51. Rd8+ Ke3 52. Kh4 Nf3+ 53.
Kg3 Ng5 54. Re8+ Ne4+ 55. Kh4 c2 56. Rc8 Kd2 57. Rxc2+ Kxc2 58. g5 Nxg5 59. Kxg5 1/2-1/2

[Event "FIDE World Cup 2013"]
[Site "Tromso NOR"]
[Date "2013.08.12"]
[Round "2.34"]
[White "Fressinet, Laurent"]
[Black "Christiansen, Larry M"]
[Result "1/2-1/2"]
[WhiteTitle "GM"]
[BlackTitle "GM"]
[WhiteElo "2708"]
[BlackElo "2584"]
[WhiteFideId "608742"]
[BlackFideId "2000059"]
[EventDate "2013.08.11"]

1. Nf3 f5 2. d3 Nc6 3. d4 e6 4. g3 Nf6 5. Bg2 d5 6. O-O Rb8 7. Nbd2 b5 8. Ne5
Nxe5 9. dxe5 Nd7 10. Nf3 c5 11. b3 Be7 12. c4 bxc4 13. bxc4 dxc4 14. Qc2 O-O 15.
Rd1 Qc7 16. Qxc4 Nb6 17. Qc2 Bb7 18. Ne1 Nd5 19. e4 fxe4 20. Bxe4 Qxe5 21. Bxh7+
Kh8 22. Bb2 Qh5 23. Bg6 Qh3 24. Qe2 Ba6 25. Nd3 c4 26. Ne5 c3 27. Qxa6 Rxf2 28.
Kxf2 cxb2 29. Kg1 bxa1=Q 30. Rxa1 Bf6 31. Rb1 Rf8 32. Qa3 Be7 33. Qxa7 Kg8 34.
Nd7 Nf4 35. gxf4 Qg4+ 36. Kh1 Qxg6 37. Rb8 Qe4+ 38. Kg1 Qe1+ 39. Kg2 Qd2+ 40.
Kg1 Rxb8 41. Qxb8+ Kh7 42. Qb5 Kh6 43. Qc6 Qe2 44. Ne5 Qxa2 45. Qf3 Bc5+ 1/2-1/2

[Event "FIDE World Cup 2013"]
[Site "Tromso NOR"]
[Date "2013.08.12"]
[Round "2.35"]
[White "Felgaer, Ruben"]
[Black "Riazantsev, Alexander"]
[Result "1/2-1/2"]
[WhiteTitle "GM"]
[BlackTitle "GM"]
[WhiteElo "2586"]
[BlackElo "2700"]
[WhiteFideId "107069"]
[BlackFideId "4125029"]
[EventDate "2013.08.11"]

1. e4 c6 2. d4 d5 3. Nc3 dxe4 4. Nxe4 Bf5 5. Ng3 Bg6 6. h4 h6 7. Nf3 Nd7 8. h5
Bh7 9. Bd3 Bxd3 10. Qxd3 e6 11. Bd2 Ngf6 12. O-O-O Be7 13. Kb1 Rc8 14. Ne4 c5
15. dxc5 Nxc5 16. Nxc5 Bxc5 17. Qb5+ Qd7 18. Qe2 Qc7 19. Bc3 Be7 20. g4 Qc4 21.
Qxc4 Rxc4 22. Ne5 Rc8 23. f3 a6 24. Bd4 O-O 25. c4 Rfd8 26. Bb6 Rd6 27. Bf2 Kf8
28. b3 Ke8 29. Rhe1 b5 30. Rc1 Nd7 31. Nxd7 Kxd7 32. Bg3 Rdc6 33. Red1+ Ke8 34.
cxb5 axb5 35. Rxc6 Rxc6 36. Rc1 Rb6 37. Rc8+ Kd7 38. Rg8 Rc6 39. Rxg7 Rc3 40.
Rxf7 Ke8 41. Rh7 Rxf3 42. Be5 Bf8 43. Rb7 Rf1+ 44. Kc2 Rf2+ 45. Kd3 Rxa2 46.
Rxb5 Rg2 47. Rb8+ Kf7 48. Rb7+ Kg8 49. Rb8 Kf7 50. b4 Rxg4 51. b5 Rg5 52. Rb7+
Ke8 53. Ke4 Rxh5 54. Rb8+ Kf7 55. b6 Rh4+ 56. Kd3 Bc5 57. b7 Rb4 58. Rh8 Ba7 59.
Kc3 Rb5 60. Bd4 Kg6 61. Rg8+ Kf5 62. Bxa7 Rxb7 63. Be3 h5 64. Kd3 Rh7 65. Rg5+
Kf6 66. Ke4 h4 67. Rg2 h3 68. Rf2+ Kg6 69. Rh2 Rh5 70. Bf4 Kf6 71. Be3 Rh4+ 72.
Kf3 Kf5 73. Bf2 Rh7 74. Bg3 e5 75. Rf2 Rb7 76. Re2 e4+ 77. Kf2 Rb3 78. Bc7 e3+
79. Kf3 Rd3 80. Rc2 Rb3 81. Rc5+ Ke6 82. Rh5 Kf6 83. Ke2 Rb2+ 84. Kxe3 Kg6 85.
Rh8 Kf5 86. Kf3 Rb3+ 87. Kf2 Kg4 88. Rg8+ Kf5 89. Kg1 Rb2 90. Rf8+ Kg5 91. Bd6
Rg2+ 92. Kf1 Rc2 93. Kg1 Rg2+ 94. Kh1 Rc2 95. Rg8+ Kh5 96. Be7 Rg2 97. Ra8 Re2
98. Bd6 Rd2 99. Bf4 Rb2 100. Ra4 Rg2 101. Rd4 Ra2 102. Bc7 Kg5 103. Bd8+ Kg6
104. Rh4 Ra3 105. Kh2 Rd3 106. Bc7 Rd7 107. Rc4 Rh7 108. Bd8 Rd7 109. Bh4 Rd3
110. Bg3 Kf5 111. Kxh3 Rb3 112. Rc5+ Ke6 113. Kg4 Rb4+ 114. Bf4 Ra4 115. Re5+
Kf6 116. Rd5 Ke6 117. Rd6+ Ke7 118. Rb6 Ra5 119. Bd2 Rd5 120. Bc3 Kd7 121. Kf4
Rd6 122. Rb1 Rc6 123. Bd4 Ke6 124. Ke4 Rd6 125. Rh1 Rc6 126. Rh7 Kd6 127. Rh5
Rc1 128. Rh6+ Kd7 129. Kd5 Rd1 130. Rh7+ Kd8 131. Ke5 Kc8 132. Bc5 Rd7 133. Rh1
Rd2 134. Rh7 Rd7 135. Be7 Kb7 136. Ke6 Kc6 137. Rh8 Rb7 138. Bd6 Rg7 139. Rc8+
Kb5 140. Kd5 Rg5+ 141. Be5 Rh5 142. Rb8+ Ka5 143. Rb1 Rg5 144. Kd4 Ka6 145. Kd5
Ka5 146. Kd6 Ka4 147. Rb8 Rh5 148. Rb1 Rg5 149. Bd4 Rb5 150. Rc1 Rh5 151. Be5
Rg5 152. Rb1 Rh5 153. Kd5 Ka5 154. Re1 Kb5 1/2-1/2

[Event "FIDE World Cup 2013"]
[Site "Tromso NOR"]
[Date "2013.08.12"]
[Round "2.36"]
[White "Vallejo Pons, Francisco"]
[Black "Flores, Diego"]
[Result "1-0"]
[WhiteTitle "GM"]
[BlackTitle "GM"]
[WhiteElo "2706"]
[BlackElo "2578"]
[WhiteFideId "2205530"]
[BlackFideId "108049"]
[EventDate "2013.08.11"]

1. e4 c5 2. Nf3 e6 3. d4 cxd4 4. Nxd4 a6 5. Nc3 b5 6. Bd3 Qb6 7. Nf3 Qc7 8. Ne2
Nc6 9. Bf4 Qa7 10. O-O Nf6 11. e5 Nd5 12. Bg3 Bc5 13. c3 b4 14. cxb4 Bxb4 15.
Nc3 Nxc3 16. bxc3 Be7 17. Nd2 h5 18. h4 Bb7 19. Rb1 g5 20. hxg5 h4 21. Bf4 h3
22. Be4 hxg2 23. Bxg2 Na5 24. Be3 Qb8 25. Bxb7 Qxe5 26. Nf3 Qf5 27. Qd4 Bf6 28.
Qf4 Qh3 29. Qh2 Qf5 30. Nh4 Be5 31. Nxf5 Bxh2+ 32. Kg2 Nxb7 33. Nh6 1-0

[Event "FIDE World Cup 2013"]
[Site "Tromso NOR"]
[Date "2013.08.12"]
[Round "2.37"]
[White "Brunello, Sabino"]
[Black "Eljanov, Pavel"]
[Result "0-1"]
[WhiteTitle "GM"]
[BlackTitle "GM"]
[WhiteElo "2607"]
[BlackElo "2702"]
[WhiteFideId "813613"]
[BlackFideId "14102951"]
[EventDate "2013.08.11"]

1. d4 Nf6 2. c4 e6 3. Nf3 b6 4. g3 Bb7 5. Bg2 Be7 6. O-O O-O 7. Nc3 Ne4 8. Bd2
Bf6 9. Rc1 c5 10. Nxe4 Bxe4 11. Bc3 Nc6 12. dxc5 bxc5 13. Nd2 Bxg2 14. Kxg2 Be7
15. Nf3 Qc7 16. Qa4 Rab8 17. Rfd1 d6 18. Rd2 Rb6 19. a3 Qb7 20. b4 cxb4 21. axb4
Nxb4 22. c5 dxc5 23. Rd7 Qc6 24. Qxa7 Ra8 25. Rxe7 Rxa7 26. Rxa7 Ra6 27. Rd1 Nd5
28. Rb1 h6 29. Rb8+ Kh7 30. Rxf7 Nxc3 31. Rbb7 Qe4 32. Rxg7+ Kh8 33. Rgf7 Ra8
34. Rbc7 Nd5 35. Rxc5 Qxe2 36. Rc1 Kg8 0-1

[Event "FIDE World Cup 2013"]
[Site "Tromso NOR"]
[Date "2013.08.12"]
[Round "2.38"]
[White "Wojtaszek, Radoslaw"]
[Black "Fier, Alexandr"]
[Result "1/2-1/2"]
[WhiteTitle "GM"]
[BlackTitle "GM"]
[WhiteElo "2701"]
[BlackElo "2595"]
[WhiteFideId "1118358"]
[BlackFideId "2107139"]
[EventDate "2013.08.11"]

1. d4 d5 2. Nf3 e6 3. c4 dxc4 4. e3 b5 5. a4 b4 6. Bxc4 Nf6 7. b3 Be7 8. Bb2 O-O
9. Nbd2 Bb7 10. O-O Nbd7 11. Rc1 c5 12. Qe2 cxd4 13. Bxd4 Qb8 14. Rc2 Bd6 15. h3
Ne5 16. Ba6 Nxf3+ 17. Nxf3 Be4 18. Rcc1 Nd5 19. Nd2 Bg6 20. Nc4 Bc7 21. Bb5 Qd8
22. Rfd1 Qh4 23. Qg4 Qh6 24. Qe2 a5 25. Bc6 Rad8 26. Bxd5 Rxd5 27. Bb6 Rxd1+ 28.
Qxd1 Bxb6 29. Nxb6 Be4 30. Rc5 f5 31. Qe2 Qf6 32. f3 Qd8 33. fxe4 Qxb6 34. Qb5
Qd6 35. exf5 Qd1+ 36. Kh2 Qd6+ 37. Kg1 Qd1+ 38. Kh2 Qd6+ 39. Re5 exf5 40. Qc4+
Rf7 41. Qf4 Re7 42. Rxe7 Qxe7 43. Qc4+ Qf7 44. Qc8+ Qf8 45. Qe6+ Qf7 46. Qc8+
Qf8 47. Qe6+ Qf7 1/2-1/2